000 00499nam a2200169 i 4500
001 74826
003 ES-MaACL
005 20230906172246.0
007 t|
008 040921s1905 fr ||||1| fre d
100 1 _aGourmont, Rémy de (
_d1858-1916)
_959362
245 1 0 _aEsthétique de la langue française /
_cRemy de Gourmont.
260 _a[S.l. :
_bs.n.,
_c1905] (
_ePoitiers :
_fBlais et Roy)
300 _a343 p. ;
_c18 cm.
650 4 _aLengua francesa.
_9140408
852 _aES-MaACL
_jD-2583
999 _c74826
_d74826